Top 3-5 players of every soccer/football position (READ NOTES) - Statistics

General Stats
  • This quiz has been taken 75 times
  • The average score is 27 of 39
Answer Stats
Hint Answer % Correct
LW (Portugal) Cristiano Ronaldo
96%
CF/ST (Brazil) Ronaldo
96%
GK (Italy) Gianluigi Buffon
95%
RW (Argentina) Lionel Messi
95%
GK (Germany) Manuel Neuer
91%
CB/LB (Italy) Paolo Maldini
87%
LW (Brazil) Ronaldinho
85%
CM (Spain) Andres Iniesta
82%
GK (USSR/RUSSIA) Lev Yashin
82%
LB (Brazil) Roberto Carlos
82%
CM (Spain) Xavi
82%
CAM (Argentina) Diego Maradona
80%
LW (Brazil) Neymar Jr
80%
CAM (France) Zinedine Zidane
80%
CF/ST (Hungary) Ferenc Puskas
78%
RW (Northern Ireland) George Best
78%
RB (Brazil) Cafu
76%
CF/ST (Portugal) Eusebio
76%
CB (Germany) Franz Beckenbauer
75%
CF/ST (Germany) Gerd Muller
73%
CF/ST (Brazil) Pelé
73%
CM (Italy) Andrea Pirlo
71%
CAM (Netherlands) Johan Cruyff
71%
LW/ST (France) Thierry Henry
67%
RW (Portugal) Luis Figo
64%
RB (Germany) Philipp Lahm
62%
CDM (Spain) Sergio Busquets
62%
CB (Italy) Alessandro Nesta
60%
LB (Brazil) Marcelo
60%
LW (Wales) Ryan Giggs
58%
RB (Brazil) Dani Alves
56%
RW (Brazil) Garrincha
56%
CAM (Italy) Robert Baggio
55%
CAM (France) Michel Platini
51%
CDM (France) Patrick Vieira
38%
CDM (Spain) Xabi Alonso
35%
RW (Brazil) Jairzinho
27%
LW (France) Franck Ribery
25%
LB (Netherlands) Ruud Krol
9%
No matching quizzes found
Score Distribution
Percent of People with Each Score
Percentile by Number Answered
Your Score History
You have not taken this quiz